|
|
|
|
| LEADER |
00000naa2a2200000 4500 |
| 001 |
83415 |
| 005 |
20240206124907.0 |
| 035 |
|
|
|a (RuTPU)RU\TPU\book\89669
|
| 090 |
|
|
|a 83415
|
| 100 |
|
|
|a 20051017d2005 k y0rusy50 ca
|
| 101 |
0 |
|
|a rus
|
| 102 |
|
|
|a RU
|
| 200 |
1 |
|
|a Математическое моделирование процессов взаимодействия низкотемпературной плазмы с компонентами пиротехнических составов
|f А. Д. Побережников, В. А. Власов
|
| 320 |
|
|
|a Библиогр.: 2 назв.
|
| 463 |
|
0 |
|0 (RuTPU)RU\TPU\book\86598
|y 5-7262-0526-S
|t Физико-технические проблемы атомной энергетики и промышленности
|o III Международная научно-практическая конференция, 7-8 июня 2005 г., Томск
|o сборник тезисов докладов
|f Томский политехнический университет
|v С. 124.
|d 2005
|p 190 с.
|
| 610 |
1 |
|
|a моделирование
|
| 610 |
1 |
|
|a математическое моделирование
|
| 610 |
1 |
|
|a низкотемпературная плазма
|
| 610 |
1 |
|
|a плазма
|
| 610 |
1 |
|
|a пиротехника
|
| 610 |
1 |
|
|a магнитогидродинамический метод
|
| 610 |
1 |
|
|a труды учёных ТПУ
|
| 700 |
|
1 |
|a Побережников
|b А. Д.
|c физик
|c старший преподаватель Томского политехнического университета
|f 1981-
|g Андрей Дмитриевич
|3 (RuTPU)RU\TPU\pers\28048
|9 13011
|
| 701 |
|
1 |
|a Власов
|b В. А.
|c российский ученый в области физики и химии плазмы, молекулярной физики
|c профессор Томского политехнического университета
|f 1958-
|g Виктор Алексеевич
|3 (RuTPU)RU\TPU\pers\26576
|4 070
|
| 801 |
|
1 |
|a RU
|b 63413507
|c 20051017
|g PSBO
|
| 801 |
|
2 |
|a RU
|b 63413507
|c 20170413
|g PSBO
|
| 942 |
|
|
|c BK
|